| 000 | 00757cam a22001691 4500 | ||
|---|---|---|---|
| 082 |
_a671.5212 _bSAC _cL-24, P-19 |
||
| 100 | 1 |
_aSacks, Raymond J. _944963 |
|
| 245 | 0 | 0 |
_aTheory and practice of arc welding _c[by] R.J. Sacks ... |
| 260 |
_aNew York, _bD. Van Nostrand Company, inc. _c[1943] |
||
| 300 |
_axii, 383 p. _billus., diagrs. _c25 cm |
||
| 500 | _a"An original course of study in arc welding in accordance with the recommendations of the American welding society. It is ... based on the society's 'Code of minimum standards for instruction of welding operators.' "--Pref. | ||
| 526 |
_a0 _b0 _c0 _d671_521200000000000_SAC |
||
| 650 | 0 |
_aElectric welding. _943061 |
|
| 650 | 0 |
_aMCE _9379 |
|
| 710 | 2 |
_aAmerican Welding Society. _936062 |
|
| 942 |
_2ddc _cBK |
||
| 999 |
_c548603 _d548603 |
||